[Event "Novosibirsk Sukharev Memorial op"]
[Site "Novosibirsk"]
[Date "2012.07.22"]
[Round "5"]
[White "Kuzmin, Georgy"]
[Black "Shulzhenko, Oleg"]
[Result "1/2-1/2"]
[WhiteElo "2115"]
[BlackElo "1966"]
[PlyCount "83"]
[EventDate "2012.07.18"]
[EventType "swiss"]
[EventRounds "9"]
[EventCountry "RUS"]
[SourceTitle "EXT 2013"]
[Source "ChessBase"]
[SourceDate "2012.11.22"]
[SourceVersion "1"]
[SourceVersionDate "2012.11.22"]
[SourceQuality "1"]

1. e4 e5 2. Nc3 Nf6 3. Bc4 Be7 4. d3 c6 5. Bb3 d6 6. Nge2 Nbd7 7. Be3 Ng4 8. 0-0 0-0 9. Ng3 Nxe3 10. fxe3 Nc5 11. Bc4 b5 12. d4 bxc4 13. dxc5 d5 14. exd5 Bxc5 15. Re1 Qg5 16. Qe2 Bg4 17. Qxc4 Bxe3+ 18. Kh1 cxd5 19. Nxd5 Be6 20. Rxe3 Bxd5 21. Qe2 f6 22. b3 Rad8 23. Rf1 Be6 24. Ne4 Qg4 25. Qe1 Bd5 26. h3 Qg6 27. c4 Bc6 28. Rg1 Rd4 29. Nc5 Re8 30. Rg3 Qh5 31. Qf2 Rh4 32. Kh2 f5 33. Rd3 f4 34. Rd6 Ba8 35. Ne6 f3 36. Qg3 g6 37. Nc7 Rf8 38. Nxa8 Rxa8 39. Qxf3 Qxf3 40. gxf3 Rf4 41. Re6 Rxf3 42. Rxe5 1/2-1/2

[Event "Novosibirsk Sukharev Memorial op"]
[Site "Novosibirsk"]
[Date "2012.07.21"]
[Round "4"]
[White "Shulzhenko, Oleg"]
[Black "Severinov, Alexander"]
[Result "1/2-1/2"]
[WhiteElo "1966"]
[BlackElo "2028"]
[PlyCount "66"]
[EventDate "2012.07.18"]
[EventType "swiss"]
[EventRounds "9"]
[EventCountry "RUS"]
[SourceTitle "EXT 2013"]
[Source "ChessBase"]
[SourceDate "2012.11.22"]
[SourceVersion "1"]
[SourceVersionDate "2012.11.22"]
[SourceQuality "1"]

1. e4 c5 2. Nf3 d6 3. d4 cxd4 4. Nxd4 Nf6 5. Nc3 a6 6. a4 e6 7. Be2 Be7 8. Be3 Qc7 9. 0-0 Nc6 10. f4 0-0 11. Nb3 b6 12. Bf3 Bb7 13. Qe2 Nd7 14. Nd1 Nc5 15. Nd2 Rfd8 16. c3 a5 17. Bxc5 bxc5 18. Qe3 d5 19. e5 Rab8 20. Be2 d4 21. Qg3 dxc3 22. Qxc3 Nd4 23. Bc4 Bd5 24. Rf2 Nf5 25. b3 Bxc4 26. Nxc4 Rb4 27. Nde3 Nd4 28. Nd2 f6 29. Nec4 Rdb8 30. Rb1 f5 31. g3 h6 32. h3 Kh8 33. Kh2 Kg8 1/2-1/2